000 00819nam a22001937a 4500
999 _c58235
_d58235
005 20210927130131.0
008 210927s2016 enk||||| |||| 00| 0 eng d
020 _a9789670876450
041 _aeng
080 _a37.016:003-028.42 M-96
100 _aMurad Sani, Azlina
_912564
245 _aACADEMIC WRITING ESSENTIALS :
_bA GUIDE FOR POSTGRADUATE STUDENTS
_cAzlina Murad Sani.
264 _aSintok :
_bPenerbit Universiti Utara Malaysia,
_c2016.
300 _a156 p.
_b23 cm.
653 _aაკადემიური წერის ძირითადი საშუალებები
653 _aსახელმძღვანელო პოსტდიპლომური სტუდენტისათვის
653 _aაკადემიური წერა
942 _2udc
_cBK